[Event "4NCL/Div4/GREN vs. GLOSG"]
[Site "West Bromwich ENG"]
[Date "2005.12.04"]
[Round "4.4"]
[White "Ponter, Ian"]
[Black "Johnson, Richard J"]
[Result "1-0"]
[WhiteElo "2050"]
[BlackElo "2025"]
[PlyCount "37"]
[EventDate "2005.12.04"]
[SourceDate "2005.10.25"]

1. e4 c5 2. Nf3 e6 3. d4 cxd4 4. Nxd4 a6 5. Nc3 Qc7 6. Bd3 Nf6 7. Qe2 d6 8. f4
Nbd7 9. g4 Nc5 10. g5 Nfd7 11. O-O Be7 12. f5 O-O 13. f6 gxf6 14. gxf6 Bxf6 15.
Rxf6 Nxd3 16. cxd3 Nxf6 17. Bh6 Kh8 18. Bxf8 Bd7 19. Qf3 1-0

[Event "4NCL/Div4/GREN vs. GLOSG"]
[Site "West Bromwich ENG"]
[Date "2005.12.04"]
[Round "4.5"]
[White "Hardy, Roger"]
[Black "Taylor, Geoffrey P"]
[Result "1/2-1/2"]
[WhiteElo "2020"]
[BlackElo "2050"]
[PlyCount "47"]
[EventDate "2005.12.04"]
[SourceDate "2005.10.25"]

1. e4 c5 2. Nf3 Nc6 3. d4 cxd4 4. Nxd4 e6 5. Nc3 a6 6. Be3 Nf6 7. Qd2 Bb4 8. f3
d5 9. Nxc6 bxc6 10. exd5 cxd5 11. a3 Bd6 12. f4 O-O 13. Be2 Ng4 14. Bd4 e5 15.
fxe5 Nxe5 16. O-O-O Be6 17. Bxe5 Bxe5 18. Nxd5 Bxd5 19. Qxd5 Qf6 20. Rhf1 Bxb2+
21. Kb1 Qb6 22. Qb3 Qxb3 23. cxb3 Bxa3 24. Rd7 1/2-1/2

[Event "4NCL/Div4/GREN vs. GLOSG"]
[Site "West Bromwich ENG"]
[Date "2005.12.04"]
[Round "4.6"]
[White "Martin, Peter"]
[Black "Butterworth, Paul"]
[Result "1/2-1/2"]
[WhiteElo "1995"]
[BlackElo "1890"]
[PlyCount "52"]
[EventDate "2005.12.04"]
[SourceDate "2005.10.25"]

1. d4 Nf6 2. Nf3 g6 3. Bg5 Bg7 4. Nbd2 O-O 5. e3 d5 6. Bd3 Bg4 7. h3 Bxf3 8.
Nxf3 c5 9. c3 cxd4 10. cxd4 Qa5+ 11. Qd2 Qxd2+ 12. Nxd2 Nc6 13. a3 e5 14. Nb3
h6 15. Bxf6 Bxf6 16. Nc5 Rfd8 17. Bb5 exd4 18. Nxb7 Rdc8 19. Nd6 Rc7 20. Rc1
Rd8 21. Nxf7 Kxf7 22. Rxc6 Rxc6 23. Bxc6 Rd6 24. Bb7 dxe3 25. fxe3 Bxb2 26. a4
Ke6 1/2-1/2

[Event "4NCL/Div4/CAMB2 vs. BRJ"]
[Site "West Bromwich ENG"]
[Date "2005.12.04"]
[Round "4.1"]
[White "Low, Ying Min"]
[Black "Haydon, Richard"]
[Result "1/2-1/2"]
[WhiteElo "2050"]
[BlackElo "2185"]
[PlyCount "45"]
[EventDate "2005.12.04"]
[SourceDate "2005.10.25"]

1. d4 d6 2. e4 g6 3. Nc3 Bg7 4. Be3 c6 5. Qd2 b5 6. Bd3 Nd7 7. Nf3 a6 8. a4 Bb7
9. O-O bxa4 10. Rxa4 Qc7 11. Rfa1 Ngf6 12. Bxa6 Nb6 13. Bxb7 Rxa4 14. Nxa4 Nxa4
15. Rxa4 Qxb7 16. Rb4 Qa6 17. e5 Nd5 18. Rb3 Nxe3 19. fxe3 O-O 20. exd6 exd6
21. Kf2 Re8 22. Qb4 Bf8 23. Qd2 1/2-1/2

[Event "4NCL/Div4/CAMB2 vs. BRJ"]
[Site "West Bromwich ENG"]
[Date "2005.12.04"]
[Round "4.2"]
[White "Richmond, Peter A"]
[Black "Pickard, Charles"]
[Result "1-0"]
[WhiteElo "2240"]
[BlackElo "2125"]
[PlyCount "65"]
[EventDate "2005.12.04"]
[SourceDate "2005.10.25"]

1. e4 c5 2. Nf3 e6 3. b3 d6 4. Bb2 Nf6 5. Bb5+ Nbd7 6. e5 dxe5 7. Nxe5 Be7 8.
O-O O-O 9. Re1 Nxe5 10. Bxe5 Nd7 11. Bb2 Bf6 12. Bxf6 Qxf6 13. Nc3 a6 14. Bd3
e5 15. Qe2 g6 16. a4 b6 17. Ne4 Qe7 18. f4 Ra7 19. fxe5 Nxe5 20. Nc3 f6 21. Nd5
Qd6 22. Nxf6+ Rxf6 23. Qxe5 Qxe5 24. Rxe5 Kg7 25. a5 Rc7 26. axb6 Rxb6 27. Bc4
Kf6 28. Re8 Bd7 29. Rf1+ Kg5 30. Re7 h5 31. Rff7 Rd6 32. d3 h4 33. h3 1-0

[Event "4NCL/Div4/CAMB2 vs. BRJ"]
[Site "West Bromwich ENG"]
[Date "2005.12.04"]
[Round "4.3"]
[White "Gallagher, Ian G"]
[Black "Bourne, Johnathan"]
[Result "1/2-1/2"]
[WhiteElo "2010"]
[BlackElo "2145"]
[PlyCount "38"]
[EventDate "2005.12.04"]
[SourceDate "2005.10.25"]

1. d4 f5 2. Nc3 Nf6 3. g4 d5 4. Bg2 g6 5. gxf5 Bxf5 6. Nxd5 Nxd5 7. e4 Be6 8.
exd5 Bxd5 9. Bxd5 Qxd5 10. Qf3 Qxf3 11. Nxf3 Nc6 12. c3 Bg7 13. Ng5 Kd7 14. O-O
e5 15. d5 Nd8 16. Be3 b6 17. Rad1 h6 18. Ne4 Nf7 19. b3 Nd6 1/2-1/2

[Event "4NCL/Div4/CAMB2 vs. BRJ"]
[Site "West Bromwich ENG"]
[Date "2005.12.04"]
[Round "4.4"]
[White "Hall, Daniel J"]
[Black "Campbell, Mark"]
[Result "1-0"]
[WhiteElo "2080"]
[BlackElo "2005"]
[PlyCount "67"]
[EventDate "2005.12.04"]
[SourceDate "2005.10.25"]

1. e4 c5 2. Nf3 d6 3. Bb5+ Nd7 4. O-O Ngf6 5. Re1 e6 6. c3 a6 7. Bf1 b5 8. d4
Bb7 9. Nbd2 Qc7 10. d5 e5 11. a4 c4 12. axb5 axb5 13. Rxa8+ Bxa8 14. b3 Nb6 15.
bxc4 bxc4 16. Nxc4 Nfd7 17. Nxb6 Nxb6 18. Bb5+ Ke7 19. Qb3 f6 20. Be3 Bb7 21.
Ra1 Nc8 22. Ba6 Bxa6 23. Rxa6 Kf7 24. Rc6 Qd8 25. Qb7+ Be7 26. Rc7 Re8 27. h3
Kf8 28. Nd2 Kg8 29. Nc4 Rf8 30. Na5 Qe8 31. Nc6 Kf7 32. c4 g6 33. Bh6 Rg8 34.
Rxc8 1-0

[Event "4NCL/Div4/CAMB2 vs. BRJ"]
[Site "West Bromwich ENG"]
[Date "2005.12.04"]
[Round "4.5"]
[White "Kreuzer, Christopher"]
[Black "Cabero, Pablo Padilla"]
[Result "0-1"]
[WhiteElo "1995"]
[BlackElo "1955"]
[PlyCount "66"]
[EventDate "2005.12.04"]
[SourceDate "2005.10.25"]

1. e4 Nf6 2. e5 Nd5 3. d4 c5 4. c4 Nb4 5. d5 d6 6. exd6 Bf5 7. Na3 exd6 8. Be2
Be7 9. Nf3 Bf6 10. O-O O-O 11. Ne1 Nd7 12. Nac2 Re8 13. Nxb4 cxb4 14. Nd3 Qe7
15. Re1 Qe4 16. Bf4 Bxb2 17. Bg4 Qxd3 18. Qxd3 Bxd3 19. Bxd7 Red8 20. Rad1 Bxc4
21. Ba4 Bc3 22. Re7 b5 23. Bb3 a5 24. Bxc4 bxc4 25. Rc7 Rac8 26. Bxd6 b3 27.
axb3 cxb3 28. Rxc8 Rxc8 29. Ba3 Bb4 30. Bb2 a4 31. d6 a3 32. d7 Rd8 33. Rd3
axb2 0-1

[Event "4NCL/Div4/CAMB2 vs. BRJ"]
[Site "West Bromwich ENG"]
[Date "2005.12.04"]
[Round "4.6"]
[White "Hall, Joshua D"]
[Black "Somerfield, Adrian P"]
[Result "1-0"]
[WhiteElo "2020"]
[BlackElo "1835"]
[PlyCount "121"]
[EventDate "2005.12.04"]
[SourceDate "2005.10.25"]

1. e4 c5 2. Nf3 Nc6 3. d4 cxd4 4. Nxd4 g6 5. Nc3 Bg7 6. Be3 Nf6 7. h3 O-O 8.
Qd2 d5 9. Nxc6 bxc6 10. e5 Ne8 11. Bh6 Qc7 12. Bxg7 Kxg7 13. Qd4 f6 14. exf6+
Nxf6 15. Be2 Rb8 16. f4 c5 17. Qe5 Qxe5 18. fxe5 Nd7 19. O-O-O d4 20. Na4 Rb4
21. b3 Nxe5 22. a3 Rb7 23. Nxc5 Rc7 24. Ne4 Be6 25. Kb2 Rfc8 26. Rd2 Bf5 27.
Ba6 Rd8 28. Ng3 Rd6 29. Re1 Nf7 30. Bc4 a5 31. a4 Nd8 32. Nxf5+ gxf5 33. Re5
Kf6 34. Rxa5 Nc6 35. Ra8 e5 36. Rf8+ Kg6 37. Rg8+ Kf6 38. g4 f4 39. Re2 Re7 40.
h4 Nb4 41. Rf8+ Kg6 42. Rxf4 exf4 43. Rxe7 d3 44. cxd3 Nxd3+ 45. Bxd3+ Rxd3 46.
Re4 Rf3 47. a5 Rf2+ 48. Ka3 Rf1 49. Kb4 f3 50. Rf4 f2 51. a6 Ra1 52. Rxf2 Rxa6
53. Kb5 Re6 54. Rf4 Re5+ 55. Kc6 Re6+ 56. Kd5 Rb6 57. b4 h6 58. Kc5 Re6 59. b5
Re5+ 60. Kb6 Re7 61. Ka6 1-0

[Event "4NCL/Div4/FCA2 vs. NOTT1"]
[Site "West Bromwich ENG"]
[Date "2005.12.04"]
[Round "4.1"]
[White "Elwin, Adrian G"]
[Black "Barnes, Michael H"]
[Result "0-1"]
[WhiteElo "2070"]
[BlackElo "2200"]
[PlyCount "104"]
[EventDate "2005.12.04"]
[SourceDate "2005.10.25"]

1. Nf3 Nf6 2. c4 g6 3. Nc3 Bg7 4. e4 d6 5. d4 O-O 6. Be2 e5 7. dxe5 dxe5 8.
Qxd8 Rxd8 9. Bg5 Re8 10. O-O-O c6 11. Nxe5 Na6 12. f4 Nc5 13. Bf3 Be6 14. Nd3
Nxd3+ 15. Rxd3 Bxc4 16. Rd4 Be6 17. e5 Nd7 18. Ne4 h6 19. Rxd7 hxg5 20. Rxb7
gxf4 21. Nf6+ Bxf6 22. exf6 a5 23. a3 Bf5 24. Re7 Rxe7 25. fxe7 Re8 26. Re1 Be6
27. Re5 Rxe7 28. Rxa5 f5 29. Rc5 Bd7 30. a4 Re1+ 31. Kd2 Ra1 32. a5 Kf7 33. b4
Ra2+ 34. Kc3 g5 35. Bxc6 Bxc6 36. Rxc6 Rxg2 37. Kd3 Rb2 38. Rc5 Rxb4 39. Rxf5+
Kg6 40. Rc5 Ra4 41. Ke2 Ra2+ 42. Kf3 Rxh2 43. Rc6+ Kh5 44. a6 Ra2 45. Rf6 Ra3+
46. Kf2 Kg4 47. Kg2 Ra2+ 48. Kg1 Kg3 49. Kf1 f3 50. Ke1 f2+ 51. Kf1 Ra1+ 52.
Ke2 Re1+ 0-1

[Event "4NCL/Div4/FCA2 vs. NOTT1"]
[Site "West Bromwich ENG"]
[Date "2005.12.04"]
[Round "4.2"]
[White "Richmond, Robert J"]
[Black "Kendall, Paul S N"]
[Result "0-1"]
[WhiteElo "2190"]
[BlackElo "2075"]
[PlyCount "90"]
[EventDate "2005.12.04"]
[SourceDate "2005.10.25"]

1. d4 Nf6 2. c4 e6 3. Nc3 d5 4. Bg5 Nbd7 5. e3 c6 6. cxd5 exd5 7. Bd3 Be7 8.
Qc2 Nf8 9. Nf3 Be6 10. O-O Nh5 11. Bxe7 Qxe7 12. a3 g6 13. b4 a6 14. Na4 Nd7
15. Nc5 Nxc5 16. bxc5 O-O 17. Rab1 Rae8 18. Nd2 Bc8 19. Rfe1 f5 20. f4 Qf6 21.
Nf3 Re7 22. Ne5 g5 23. g3 gxf4 24. exf4 Rg7 25. Kf1 Qh6 26. Qf2 Nf6 27. Ke2 Ne4
28. Bxe4 fxe4 29. Ke3 Qh3 30. Rg1 h5 31. Kd2 Qf5 32. Kc3 Qf6 33. Kb2 Qd8 34.
Ka2 Rf6 35. Rb2 Qf8 36. Qe2 Rxf4 37. Qxh5 Rf2 38. Rg2 e3 39. Qd1 Bh3 40. Rg1
Rxb2+ 41. Kxb2 Qf2+ 42. Kc3 e2 43. Qc1 Bf1 44. Nd3 Qxg1 45. Qh6 Bh3 0-1

[Event "4NCL/Div4/FCA2 vs. NOTT1"]
[Site "West Bromwich ENG"]
[Date "2005.12.04"]
[Round "4.3"]
[White "Valentine, Brian J"]
[Black "Mercs, Peter J"]
[Result "1/2-1/2"]
[WhiteElo "1990"]
[BlackElo "2110"]
[PlyCount "115"]
[EventDate "2005.12.04"]
[SourceDate "2005.10.25"]

1. e4 c5 2. Ne2 d6 3. Nbc3 Nc6 4. d4 cxd4 5. Nxd4 Nf6 6. Bc4 e6 7. Be3 Be7 8.
O-O O-O 9. f4 a6 10. Qf3 Qc7 11. Bd3 Nxd4 12. Bxd4 e5 13. Be3 exf4 14. Qxf4 Be6
15. a4 Nd7 16. Nd5 Bxd5 17. exd5 Ne5 18. Qe4 g6 19. Bd4 f5 20. Qe2 Bf6 21. c3
Rae8 22. Qd2 Ng4 23. Bxf6 Rxf6 24. c4 Rf7 25. h3 Qc5+ 26. Kh1 Ne5 27. Qc3 Rc8
28. Rac1 Qe3 29. Rfd1 b5 30. axb5 axb5 31. b3 bxc4 32. bxc4 Qg5 33. Bf1 f4 34.
Qa3 Rd8 35. Rc3 Qh5 36. Rd2 g5 37. c5 dxc5 38. Qxc5 g4 39. d6 Qf5 40. Qd5 Nd7
41. hxg4 Qxd5 42. Rxd5 Nb6 43. Rd4 Rf6 44. Rcd3 Rd7 45. Rf3 Rdxd6 46. Rxd6 Rxd6
47. Rxf4 Kg7 48. Kh2 Nd7 49. Be2 Ne5 50. Rf5 Ng6 51. Kg3 Rc6 52. Bf3 Rc3 53.
Ra5 Rc7 54. g5 Re7 55. Kg4 Ne5+ 56. Kh5 Ng6 57. Rf5 Re1 58. Kg4 1/2-1/2

[Event "4NCL/Div4/FCA2 vs. NOTT1"]
[Site "West Bromwich ENG"]
[Date "2005.12.04"]
[Round "4.4"]
[White "Walker, Andrew N"]
[Black "Matthews, Adrian"]
[Result "1-0"]
[WhiteElo "2095"]
[BlackElo "1995"]
[PlyCount "41"]
[EventDate "2005.12.04"]
[SourceDate "2005.10.25"]

1. e4 c5 2. d4 cxd4 3. c3 dxc3 4. Nxc3 Nc6 5. Nf3 e6 6. Bc4 Qc7 7. O-O Nf6 8.
Qe2 Ng4 9. Nb5 Qb8 10. h3 h5 11. e5 Ngxe5 12. Bf4 d6 13. Rfe1 a6 14. Nbd4 Nxd4
15. Nxd4 Nxc4 16. Qxc4 Be7 17. Re3 O-O 18. Nf5 Re8 19. Nxg7 Kxg7 20. Rg3+ Kh7
21. Qe2 1-0

[Event "4NCL/Div4/FCA2 vs. NOTT1"]
[Site "West Bromwich ENG"]
[Date "2005.12.04"]
[Round "4.5"]
[White "Shaw, John S"]
[Black "Truman, Richard G"]
[Result "1/2-1/2"]
[WhiteElo "1935"]
[BlackElo "2070"]
[PlyCount "82"]
[EventDate "2005.12.04"]
[SourceDate "2005.10.25"]

1. d4 Nf6 2. Nf3 g6 3. b3 Bg7 4. Bb2 O-O 5. e3 c5 6. Be2 Ne4 7. Nbd2 Qa5 8. O-O
Nxd2 9. Qxd2 Qxd2 10. Nxd2 Nc6 11. Nf3 d5 12. c4 dxc4 13. bxc4 cxd4 14. exd4
Bg4 15. Rfd1 Rfd8 16. Rd2 Rac8 17. d5 Bxf3 18. gxf3 Ne5 19. Bxe5 Bxe5 20. Rad1
Rd6 21. h3 Rc5 22. Rb1 b6 23. Rb5 Rc7 24. Rc2 a6 25. Rb3 b5 26. Bd3 bxc4 27.
Rxc4 Rxd5 28. Rxc7 Bxc7 29. Bxa6 Ra5 30. Bc4 Rxa2 31. Rb8+ Bxb8 32. Bxa2 e6 33.
Kg2 Kg7 34. Bb3 Kf6 35. Bc4 Ke5 36. Ba6 Kd4 37. Bb5 g5 38. Ba6 Kc3 39. Bb5 Kd2
40. Kf1 Bf4 41. Bd7 Kd3 1/2-1/2

[Event "4NCL/Div4/FCA2 vs. NOTT1"]
[Site "West Bromwich ENG"]
[Date "2005.12.04"]
[Round "4.6"]
[White "Lakhani, Kishan"]
[Black "Billsberry, Jon"]
[Result "1-0"]
[WhiteElo "2010"]
[BlackElo "1800"]
[PlyCount "91"]
[EventDate "2005.12.04"]
[SourceDate "2005.10.25"]

1. e4 d5 2. exd5 Qxd5 3. d4 e5 4. dxe5 Qxd1+ 5. Kxd1 Nc6 6. Bb5 Bf5 7. Bxc6+
bxc6 8. Be3 O-O-O+ 9. Nd2 f6 10. Ngf3 Ne7 11. exf6 gxf6 12. Bd4 Nd5 13. c4 c5
14. cxd5 cxd4 15. Nxd4 Rxd5 16. Nxf5 Rxf5 17. Ne4 Bh6 18. Re1 Rd5+ 19. Ke2 f5
20. Ng3 Rd2+ 21. Kf1 Rxb2 22. Nxf5 Bg5 23. Ne7+ Bxe7 24. Rxe7 Rd8 25. Re2 Rdd2
26. Rxd2 Rxd2 27. a4 a5 28. Ra3 Rd4 29. Ke2 Rb4 30. Ke3 Kd7 31. f4 c5 32. g4
Ke6 33. h4 h6 34. Rc3 Rxa4 35. Rxc5 Kf7 36. Rc7+ Kg8 37. g5 hxg5 38. hxg5 Ra1
39. Ke4 a4 40. Ra7 a3 41. Kf5 a2 42. Kg6 Kf8 43. f5 Ke8 44. f6 Kd8 45. f7 Rf1
46. Rxa2 1-0

[Event "4NCL/Div4/WWKS2 vs. PONTY"]
[Site "West Bromwich ENG"]
[Date "2005.12.04"]
[Round "4.1"]
[White "McCumiskey, Andrew"]
[Black "Gilbert, Jonathan A"]
[Result "1-0"]
[WhiteElo "2125"]
[BlackElo "2055"]
[PlyCount "93"]
[EventDate "2005.12.04"]
[SourceDate "2005.10.25"]

1. d4 d5 2. Nf3 Nf6 3. c4 c6 4. Nc3 a6 5. a4 e6 6. e3 Bb4 7. Bd2 Nbd7 8. Bd3
Qe7 9. O-O O-O 10. Qc2 dxc4 11. Bxc4 e5 12. Ba2 Bd6 13. Rad1 e4 14. Ng5 Bxh2+
15. Kxh2 Ng4+ 16. Kg1 Qxg5 17. Qxe4 Qh4 18. Qf4 Ndf6 19. f3 Nh5 20. Qc7 Ngf6
21. Qh2 Qxh2+ 22. Kxh2 g6 23. e4 Be6 24. Bxe6 fxe6 25. a5 Rad8 26. Bg5 Rd7 27.
Na4 Rdf7 28. Nc5 Ng7 29. Bxf6 Rxf6 30. Nd7 R6f7 31. Nxf8 Kxf8 32. Rd2 Nh5 33.
g3 Nf6 34. Kg2 Ke8 35. Re1 Kd8 36. f4 Kc7 37. Kf3 h5 38. Rc2 Kb8 39. Rc5 Nd7
40. Rg5 Nf8 41. Rh1 Kc7 42. g4 hxg4+ 43. Rxg4 b6 44. axb6+ Kxb6 45. Rg5 a5 46.
Ra1 Ra7 47. b3 1-0

[Event "4NCL/Div4/WWKS2 vs. PONTY"]
[Site "West Bromwich ENG"]
[Date "2005.12.04"]
[Round "4.2"]
[White "Taylor, Robert G"]
[Black "Lloyd, Alan D"]
[Result "1/2-1/2"]
[WhiteElo "2002"]
[BlackElo "2110"]
[PlyCount "64"]
[EventDate "2005.12.04"]
[SourceDate "2005.10.25"]

1. e4 c5 2. Nf3 d6 3. d4 cxd4 4. Nxd4 Nf6 5. Nc3 Nc6 6. Be2 e6 7. Be3 Be7 8.
O-O O-O 9. f4 a6 10. a4 d5 11. exd5 Nxd4 12. Bxd4 Nxd5 13. Ne4 Qc7 14. Be5 Qc6
15. Qc1 Nb4 16. Bd3 Bd7 17. Nf2 Bc5 18. Kh1 Bxf2 19. Rxf2 Nxd3 20. cxd3 Qd5 21.
Qc4 Rfc8 22. Qxd5 exd5 23. Bc3 Re8 24. Kg1 Re3 25. d4 b5 26. axb5 Bxb5 27. Rd2
Rae8 28. Rdd1 R8e4 29. g3 h5 30. Re1 Kh7 31. Rxe3 Rxe3 32. Re1 Rxe1+ 1/2-1/2

[Event "4NCL/Div4/WWKS2 vs. PONTY"]
[Site "West Bromwich ENG"]
[Date "2005.12.04"]
[Round "4.3"]
[White "Gordon, Callum"]
[Black "Davies, Peter L"]
[Result "1-0"]
[WhiteElo "2060"]
[BlackElo "1929"]
[PlyCount "106"]
[EventDate "2005.12.04"]
[SourceDate "2005.10.25"]

1. d4 Nf6 2. Bg5 g6 3. Bxf6 exf6 4. c4 Bg7 5. Nc3 f5 6. e3 d6 7. g3 Nd7 8. Nge2
Nf6 9. Bg2 c6 10. O-O O-O 11. b4 a6 12. b5 axb5 13. cxb5 d5 14. a4 Re8 15. Qd3
Ne4 16. Rfb1 Be6 17. b6 Ra6 18. a5 Qa8 19. Nxe4 fxe4 20. Qd2 c5 21. dxc5 Bxa1
22. Rxa1 Qc8 23. Qb4 Bh3 24. Nd4 Bxg2 25. Kxg2 Qd7 26. Nb5 Rc8 27. Nd6 Rc6 28.
Rd1 Rxd6 29. cxd6 Qc6 30. Qd2 Qxd6 31. Qxd5 Qxd5 32. Rxd5 Kg7 33. g4 Kf6 34. h4
Ke6 35. Rc5 h6 36. Kg3 f6 37. Kf4 Kd6 38. Rc7 Rxa5 39. Rxb7 Rb5 40. Kxe4 Rb4+
41. Kf3 Ke6 42. Rb8 Kf7 43. b7 Kg7 44. h5 g5 45. Ke2 Rb6 46. Kd3 Rb5 47. Kc4
Rb1 48. Kd5 Rb6 49. Kc5 Rb1 50. Kd6 Rd1+ 51. Ke6 Rb1 52. Rd8 Rb6+ 53. Rd6 Rb2
1-0

[Event "4NCL/Div4/WWKS2 vs. PONTY"]
[Site "West Bromwich ENG"]
[Date "2005.12.04"]
[Round "4.4"]
[White "James, Dai"]
[Black "Staniforth, John"]
[Result "0-1"]
[WhiteElo "1933"]
[BlackElo "1950"]
[PlyCount "38"]
[EventDate "2005.12.04"]
[SourceDate "2005.10.25"]

1. e4 e6 2. d4 d5 3. e5 c5 4. Nf3 Nc6 5. Bd3 Bd7 6. O-O cxd4 7. Re1 Be7 8. a3
f6 9. Nbd2 fxe5 10. Nxe5 Nxe5 11. Qh5+ Nf7 12. Qg4 Nf6 13. Qxd4 e5 14. Qh4 Ne4
15. Qh5 Nf6 16. Qh4 Ng4 17. Qh5 g6 18. Bxg6 hxg6 19. Qxg6 Qb6 0-1

[Event "4NCL/Div4/WWKS2 vs. PONTY"]
[Site "West Bromwich ENG"]
[Date "2005.12.04"]
[Round "4.5"]
[White "Birch, Harvey"]
[Black "Lobo, Richard"]
[Result "1-0"]
[WhiteElo "1755"]
[BlackElo "1945"]
[PlyCount "81"]
[EventDate "2005.12.04"]
[SourceDate "2005.10.25"]

1. c4 Nf6 2. g3 g6 3. Bg2 Bg7 4. Nc3 c5 5. e4 Nc6 6. Nge2 O-O 7. O-O Ne8 8. d3
d6 9. Be3 Nd4 10. h3 Nc7 11. Kh2 Rb8 12. Qd2 b5 13. Rab1 b4 14. Nd5 Nxe2 15.
Qxe2 Na8 16. Qd2 e6 17. Nf4 Nb6 18. Ne2 Re8 19. Rfc1 Ba6 20. b3 Qc7 21. d4 Rbd8
22. f4 Bb7 23. Qc2 f5 24. e5 Bxg2 25. exd6 Qb7 26. dxc5 Be4 27. Qd2 Nd7 28. c6
Bxc6 29. Bd4 e5 30. fxe5 Nxe5 31. Bxe5 Rxe5 32. Nf4 Bh6 33. Re1 Bxf4 34. Qxf4
Rxe1 35. Rxe1 Be4 36. g4 Qd7 37. c5 Qb5 38. gxf5 Bxf5 39. Qd4 Rf8 40. Re7 Qd3
41. Qg7# 1-0

[Event "4NCL/Div4/WWKS2 vs. PONTY"]
[Site "West Bromwich ENG"]
[Date "2005.12.04"]
[Round "4.6"]
[White "Warden, Peter"]
[Black "Birch, Fay"]
[Result "0-1"]
[WhiteElo "1378"]
[BlackElo "1670"]
[PlyCount "96"]
[EventDate "2005.12.04"]
[SourceDate "2005.10.25"]

1. e4 c5 2. Nf3 e6 3. Bc4 a6 4. a3 d6 5. Nc3 Nc6 6. Ne2 Nf6 7. d3 Be7 8. Ba2 b5
9. c3 O-O 10. h3 Bb7 11. Qc2 Qc7 12. Be3 d5 13. Bf4 Bd6 14. Bg5 dxe4 15. dxe4
Qe7 16. Bxf6 Qxf6 17. O-O-O Rfd8 18. Rhf1 Ne5 19. Nxe5 Qxe5 20. f3 b4 21. axb4
cxb4 22. Qb3 a5 23. Qc2 Ba6 24. c4 Qc5 25. b3 Bb7 26. Rd3 Qe5 27. Rfd1 Be7 28.
Rxd8+ Bxd8 29. Bb1 Bg5+ 30. f4 Bxf4+ 31. Nxf4 Qxf4+ 32. Kb2 Qf6+ 33. Kc1 Rd8
34. Rxd8+ Qxd8 35. Qd3 Qxd3 36. Bxd3 Kf8 37. Kd2 Ke7 38. Ke3 Kd6 39. Be2 Ke5
40. Bd3 Bc6 41. g4 h6 42. Bc2 g6 43. h4 f5 44. exf5 exf5 45. Bd1 f4+ 46. Kf2
Kd4 47. Bf3 Bxf3 48. Kxf3 a4 0-1

[Event "4NCL/Div4/CAV vs. NOTT2"]
[Site "West Bromwich ENG"]
[Date "2005.12.04"]
[Round "4.1"]
[White "Harman, Kenneth B"]
[Black "Webster, Richard J"]
[Result "1-0"]
[WhiteElo "2160"]
[BlackElo "2020"]
[PlyCount "111"]
[EventDate "2005.12.04"]
[SourceDate "2005.10.25"]

1. d4 Nf6 2. c4 g6 3. Nc3 d5 4. cxd5 Nxd5 5. e4 Nxc3 6. bxc3 Bg7 7. Bc4 c5 8.
Ne2 Nc6 9. Be3 cxd4 10. cxd4 O-O 11. O-O Na5 12. Bd3 Be6 13. d5 Bxa1 14. Qxa1
f6 15. Bh6 Bf7 16. Bxf8 Kxf8 17. h4 b6 18. Ba6 Rb8 19. Nd4 Qd6 20. Rc1 Qf4 21.
f3 Rd8 22. Qc3 Kg7 23. h5 Kh6 24. hxg6 hxg6 25. Ne2 Qd6 26. Qc7 Rd7 27. Qxd6
exd6 28. Nd4 f5 29. Bc8 Re7 30. Bxf5 Nb7 31. Be6 Nc5 32. Bxf7 Rxf7 33. Nb3 Kg5
34. Nxc5 bxc5 35. Rb1 Kf4 36. Kf2 g5 37. g3+ Ke5 38. Ke3 Rh7 39. Rb8 Kf6 40.
Rf8+ Ke7 41. Rc8 Kf6 42. Rc6 Rd7 43. f4 gxf4+ 44. gxf4 Ke7 45. Ra6 Kf7 46. Kd3
Ke7 47. Kc4 Rb7 48. a3 Rb1 49. Rxa7+ Ke8 50. e5 Rc1+ 51. Kd3 Rd1+ 52. Ke4 Rd4+
53. Kf5 dxe5 54. Ke6 Kd8 55. fxe5 c4 56. Kd6 1-0

[Event "4NCL/Div4/CAV vs. NOTT2"]
[Site "West Bromwich ENG"]
[Date "2005.12.04"]
[Round "4.2"]
[White "Burke, Steven J"]
[Black "Hamblin, David J"]
[Result "1/2-1/2"]
[WhiteElo "2065"]
[BlackElo "2025"]
[PlyCount "59"]
[EventDate "2005.12.04"]
[SourceDate "2005.10.25"]

1. Nf3 Nf6 2. g3 g6 3. Bg2 Bg7 4. O-O O-O 5. c4 d6 6. Nc3 c6 7. d3 a6 8. a4 a5
9. h3 Na6 10. e4 e5 11. Be3 h6 12. Qd2 Kh7 13. Nh2 Ng8 14. Ne2 Nb4 15. f4 f5
16. g4 Qe7 17. exf5 gxf5 18. Ng3 d5 19. Rad1 fxg4 20. hxg4 d4 21. Be4+ Kh8 22.
Bf2 exf4 23. Nf5 Bxf5 24. Bxf5 Rxf5 25. gxf5 Qg5+ 26. Kh1 Qxf5 27. Bg1 Rf8 28.
Rf3 c5 29. Qg2 Nf6 30. Nf1 1/2-1/2

[Event "4NCL/Div4/CAV vs. NOTT2"]
[Site "West Bromwich ENG"]
[Date "2005.12.04"]
[Round "4.3"]
[White "Crichton, Martin"]
[Black "Harrison, John"]
[Result "1/2-1/2"]
[WhiteElo "2035"]
[BlackElo "2015"]
[PlyCount "77"]
[EventDate "2005.12.04"]
[SourceDate "2005.10.25"]

1. e4 e6 2. d4 d5 3. exd5 exd5 4. Bd3 Bd6 5. Nf3 Nf6 6. Qe2+ Qe7 7. Qxe7+ Bxe7
8. Bf4 c6 9. O-O h6 10. Re1 Be6 11. Nbd2 Nbd7 12. a3 O-O 13. Ne5 Rfe8 14. Ndf3
Nh5 15. Bd2 Bd6 16. Re2 Nhf6 17. Rae1 a6 18. h3 Rac8 19. Nxd7 Bxd7 20. Ne5 Be6
21. f4 Ne4 22. Bxe4 dxe4 23. Rxe4 Bf5 24. Nc4 Rxe4 25. Nxd6 Rxe1+ 26. Bxe1 Bd7
27. Nxc8 Bxc8 28. Kf2 f6 29. Ke3 Kf7 30. a4 Bf5 31. Kd2 Ke6 32. c4 h5 33. Kc3
Kd6 34. Kb4 Bd3 35. h4 f5 36. Bc3 g6 37. g3 b5 38. cxb5 cxb5 39. axb5 1/2-1/2

[Event "4NCL/Div4/CAV vs. NOTT2"]
[Site "West Bromwich ENG"]
[Date "2005.12.04"]
[Round "4.4"]
[White "Thompson, Brian"]
[Black "Tart, Peter"]
[Result "0-1"]
[WhiteElo "2030"]
[BlackElo "2015"]
[PlyCount "110"]
[EventDate "2005.12.04"]
[SourceDate "2005.10.25"]

1. d4 e5 2. dxe5 Nc6 3. Nf3 Qe7 4. e3 Nxe5 5. Be2 c6 6. Nbd2 d5 7. O-O Bg4 8.
Nxe5 Bxe2 9. Nxc6 Bxd1 10. Nxe7 Bxc2 11. Nxd5 O-O-O 12. Nc3 Nf6 13. Nf3 Bb4 14.
Bd2 Kb8 15. Rfc1 Bg6 16. a3 Bh5 17. Nd4 Bd6 18. Ncb5 Be5 19. Bc3 Rhe8 20. Ba5
Rd7 21. f4 Bxd4 22. exd4 a6 23. Bc7+ Ka8 24. Nd6 Rg8 25. Rc5 b6 26. Rc6 Nd5 27.
Rac1 Nxc7 28. Rxb6 Rgd8 29. Nc4 Rxd4 30. Ne3 Ka7 31. Rb3 Nd5 32. Nxd5 R4xd5 33.
Rc7+ Ka8 34. Rbb7 Rb5 35. Ra7+ Kb8 36. b4 a5 37. h3 Bg6 38. bxa5 Rb2 39. Rd7
Rc8 40. Ra6 Rb1+ 41. Kh2 Rb7 42. Rb6 Rcc7 43. Rd8+ Ka7 44. g4 Be4 45. Rxb7+
Kxb7 46. Rg8 f6 47. f5 Rc8 48. Rxg7+ Rc7 49. Rg8 Rc8 50. a6+ Kc7 51. Rg7+ Kd6
52. Rxh7 Rc3 53. h4 Ke5 54. Rg7 Kf4 55. h5 Rc1 0-1

[Event "4NCL/Div4/CAV vs. NOTT2"]
[Site "West Bromwich ENG"]
[Date "2005.12.04"]
[Round "4.5"]
[White "Chapman, Timothy J"]
[Black "Wright, Antony J"]
[Result "1-0"]
[WhiteElo "1855"]
[BlackElo "1920"]
[PlyCount "75"]
[EventDate "2005.12.04"]
[SourceDate "2005.10.25"]

1. e4 e6 2. d4 d5 3. e5 c5 4. c3 Nc6 5. Nf3 Qb6 6. a3 Bd7 7. b4 cxd4 8. cxd4
Rc8 9. Bb2 f6 10. exf6 Nxf6 11. Nc3 Bd6 12. Na4 Qd8 13. Nc5 Rb8 14. Bb5 O-O 15.
O-O Bc8 16. Re1 Bxc5 17. dxc5 Bd7 18. Bxc6 bxc6 19. Be5 Ra8 20. Bd6 Re8 21. Ne5
Ne4 22. Rxe4 dxe4 23. Qh5 Qf6 24. Re1 Red8 25. Rxe4 Be8 26. Qe2 a5 27. g3 axb4
28. Rf4 Qxf4 29. gxf4 bxa3 30. Qa2 Bf7 31. f5 Re8 32. Nxf7 Kxf7 33. Be5 g6 34.
fxg6+ hxg6 35. Qb3 Ra7 36. Qf3+ Kg8 37. Qf6 Rh7 38. Qxg6+ 1-0

[Event "4NCL/Div4/CAV vs. NOTT2"]
[Site "West Bromwich ENG"]
[Date "2005.12.04"]
[Round "4.6"]
[White "Lakhani, Anjali"]
[Black "Upham, John E"]
[Result "1/2-1/2"]
[WhiteElo "1755"]
[BlackElo "1820"]
[PlyCount "58"]
[EventDate "2005.12.04"]
[SourceDate "2005.10.25"]

1. e4 c6 2. d4 d5 3. exd5 cxd5 4. c4 Nf6 5. Nc3 Nc6 6. c5 e5 7. dxe5 Nxe5 8.
Bf4 Ng6 9. Bb5+ Bd7 10. Qe2+ Be7 11. Bxd7+ Qxd7 12. Bd6 O-O 13. Bxe7 Rfe8 14.
O-O-O Rxe7 15. Qd2 Rd8 16. Nf3 Ne4 17. Qxd5 Nxf2 18. Qxd7 Rexd7 19. Rxd7 Rxd7
20. Rf1 Nd3+ 21. Kc2 Nxc5 22. Rd1 Rxd1 23. Kxd1 Nf4 24. g3 Nfe6 25. Nb5 a6 26.
Nd6 b5 27. Kc2 Kf8 28. Nd2 Ke7 29. N2e4 Nxe4 1/2-1/2